| 000 | 004450000a22002050004500 | ||
|---|---|---|---|
| 005 | 20120302061301.0 | ||
| 942 | _cBOOK | ||
| 245 | _a Asiatic annual register-year 1800 | ||
| 260 | _aLondon:J.Debrett,1801 | ||
| 300 | _axxiv,352,88p. | ||
| 040 | _aENG | ||
| 365 | _bRs. | ||
| 650 | _aHistory | ||
| 650 | _aHindustan | ||
| 650 | _aPolitics | ||
| 650 | _aCommerce | ||
| 650 | _aLiterature | ||
| 650 | _aMiscellaneous | ||
| 650 | _aIndia | ||
| 999 |
_c353542 _d353539 |
||